MARC

LEADER 00000nam0a2200000 4500
001 41549
005 20231101210707.0
010 |a 5229008407 
035 |a (RuTPU)RU\TPU\book\42675 
090 |a 41549 
100 |a 20020624d1994 m y0rusy50 ca 
101 0 |a rus 
102 |a RU 
105 |a a j 001zy 
200 1 |a Материаловедение и технология материалов  |e учебник для вузов  |f В. Т. Жадан [и др.] 
210 |a Москва  |c Металлургия  |d 1994 
215 |a 624 с.  |c ил. 
320 |a Библиогр.: с. 619. 
606 1 |a Материаловедение  |x Металловедение  |2 stltpush  |3 (RuTPU)RU\TPU\subj\71276  |9 85245 
610 1 |a технология 
610 1 |a чугун 
610 1 |a сталь 
610 1 |a производство 
610 1 |a деформация 
610 1 |a сварочное производство 
610 1 |a литейное производство 
610 1 |a обработка давлением 
610 1 |a порошковая металлургия 
610 1 |a неметаллические материалы 
610 1 |a обработка резанием 
610 1 |a учебники 
675 |a 669.017(075.8)  |v 3 
701 1 |a Жадан  |b В. Т.  |g Василий тимофеевич 
701 1 |a Полухин  |b П. И.  |g Петр Иванович 
701 1 |a Нестеров  |b А. Ф.  |g Алексей Федорович 
701 1 |a Вишкарев  |b А. Ф.  |g Алексей Федорович 
701 1 |a Гринберг  |b Б. Г.  |g Борис Григорьевич 
801 1 |a RU  |b 63413507  |c 20020624  |g PSBO 
801 2 |a RU  |b 63413507  |c 20201105  |g PSBO 
942 |c BK